| 000 | 00735nam a22002292 4500 | ||
|---|---|---|---|
| 001 | 0000020996 | ||
| 005 | 20151021152602.0 | ||
| 008 | 120106s xx 000 0 eng d | ||
| 020 | _a0324311346 : | ||
| 040 |
_aKABU _cKABU |
||
| 100 | 1 |
_aFischer, Paul Marcus. _@0000181661 |
|
| 245 | 1 | 0 |
_aAdvanced accounting / _cPaul Marcus Fischer, William James Taylor, Rita Hartung Cheng. |
| 250 | _a9th ed. | ||
| 260 |
_aMason, OH : _bThomson, _c2006. |
||
| 300 | _axxiii, 1194 p. | ||
| 650 | 0 |
_aAccounting. _@0000148321 |
|
| 700 | 1 |
_aTaylor, William James. _@0000181662 |
|
| 700 | 1 |
_aCheng, Rita Hartung. _@0000181663 |
|
| 852 | 1 | _9p2350 KES | |
| 908 | _a120106 | ||
| 950 | _@1 | ||
| 999 |
_c1583 _d1583 |
||